000 00469nam a2200181Ia 4500
003 STCL
008 221019s9999 xx 000 0 und d
020 _a9788173716539
040 _aSTCL
_cSTCL
_bEN
082 _222
100 _aWorld wide fund for nature-India (WWF)
245 4 _aThe common birds and mammals of Andhra Pradesh
260 _bUniversities Press
_aHyderabad
_c2009
300 _a164 p
365 _b250
546 _aEnglish
942 _cBK
_2DDC
_e22
999 _c87521
_d87521